BIBLIOTHÈQUE DE LA MAISON DU MEXIQUE

Logo 1 Logo 2

Cancionero (notice nᵒ 11781)

détails MARC
000 -Sello discográfico
campo de control de longitud fija 00967nam a2200349 4500
005 - Identificación de versión
campo de control 20250925141614.0
035 ## - Otros números de control del sistema
Número de control del sistema 4014
099 ## - fechas locales
Tipo de ítem Koha LIBRO
100 ## - Datos de procesamiento general
Datos de procesamiento general 20040927d1941 m y1spay5003 ba
105 ## - Campo de datos codificados: Material textual, monográfico
Datos codificados de monografía y 001ay
200 1# - Título y mención de responsabilidad
Título propio Cancionero
Designación general del material texto impreso
Primer mención de responsabilidad Jorge Manrique
Declaración de responsabilidad subsiguiente estudio, edición y glosario Augusto Cortina
205 ## - Declaración de edición
Declaración de edición 2a impr renovada
210 ## - Publicación, distribución, etc.
Lugar de publicación, distribución, etc. Madrid
Nombre del editor, distribuidor, etc. Espasa - Calpe
Fecha de publicación, distribución, etc. 1941
215 ## - Descripción física
Designación de material específico y extensión del ítem LXXX + 159 p
Dimensiones 19 cm
318 ## - Nota de acción
Acción No se presta a domicilio
345 ## - Nota de información de adquisición
Fuente de adquisición/dirección de la suscripción [OBSOLETO] Donación
410 #1 - Series
Título Clásicos Castellanos
Número de volumen 94
676 ## - Clasificación Decimal Dewey
Número R860 C614 v.94
700 ## - Nombre personal - Responsabilidad primaria
Elemento de entrada Manrique
Parte del nombre distinta del elemento de entrada Jorge
Fechas 1440?-1479
Número Koha 18436
702 ## - Nombre personal - Responsabilidad secundaria
Elemento de entrada Cortina Aravena
Parte del nombre distinta del elemento de entrada Augusto
Fechas 1902-1981
Número Koha 18437
801 #0 - Fuente de origen
Agencia cm
900 ## -
-- 1/8109
900 ## -
-- 7100419875\270904
942 ## - ELEMENTOS DE ENTRADA SECUNDARIOS (KOHA)
Tipo de ítem Koha Livre

Pas d'exemplaire disponible.